Polymer handbook /
Guardado en:
| Otros Autores: | , , |
|---|---|
| Formato: | Libro |
| Idioma: | English |
| Publicado: |
New York :
Wiley,
c1999.
|
| Edición: | 4th ed. |
| Materias: | |
| Acceso en línea: | Descripción Tabla de contenido |
| Etiquetas: |
Agregar Etiqueta
Sin Etiquetas, Sea el primero en etiquetar este registro!
|
| LEADER | 01175cam a22003015a 4500 | ||
|---|---|---|---|
| 001 | EIQ.libpla001720 | ||
| 008 | 980826s1999####nyua#####b####001#0#eng#d | ||
| 005 | 20061211184151.0 | ||
| 245 | 0 | 0 | |a Polymer handbook / |c editors, J. Brandrup, E.H. Immergut, and E.A. Grulke ; associate editors, A. Abe, D.R. Bloch. |
| 250 | |a 4th ed. | ||
| 260 | |a New York : |b Wiley, |c c1999. | ||
| 300 | |a 1 v. (en varias paginaciones) : |b il. ; |c 29 cm. | ||
| 500 | |a "A Wiley-Interscience publication." | ||
| 504 | |a Incluye referencias bibliográficas e índice. | ||
| 020 | |a 0471166286 (cloth : alk. paper) | ||
| 700 | 1 | |a Brandrup, J., |e ed. |4 edt | |
| 700 | 1 | |a Immergut, E. H., |e ed. |4 edt | |
| 700 | 1 | |a Grulke, Eric A., |e ed. |4 edt | |
| 082 | 0 | 0 | |a 547/.7 |2 21 |
| 650 | 4 | |a Polímeros |x Tablas. | |
| 650 | 4 | |a Polimerización |x Tablas. | |
| 650 | 0 | |a Polymerization |x Tables. | |
| 650 | 0 | |a Polymers |x Tables. | |
| 010 | |a 98037261 | ||
| 040 | |a DLC |c DLC |d AR-BbSID | ||
| 856 | 4 | 2 | |3 Descripción |u http://www.loc.gov/catdir/description/wiley034/98037261.html |
| 856 | 4 | |3 Tabla de contenido |u http://www.loc.gov/catdir/toc/onix05/98037261.html | |
| 859 | |a AR-BbSID |b BIB. PLAPIQUI |h 547.840 202 |i P 762 |k R |p 5171 | ||
